| 000 | 00708cem a22001691 4500 | ||
|---|---|---|---|
| 005 | 20151107105633.0 | ||
| 008 | 760220m19691970sp e spa | ||
| 040 |
_aDLC _cGU _dCNE _dOCoLC _dDLC _dCo-BOIAVH |
||
| 041 | _aspa | ||
| 044 | _asp | ||
| 082 | 0 | 0 |
_a912 _bA28a |
| 245 | 0 | 0 | _aGran atlas Aguilar. |
| 260 |
_aMadrid: _bAguilar S.A. de Ediciones _c1970. |
||
| 300 |
_a1 atlas (3 v.) : _bmapas a color _c51 centímetros |
||
| 505 | 0 | _av. 1 Europa, norte de Asia. -- v. 2. Sur de Asia, África, Oceanía, América, mapas generales, mapas temáticos. -- v. 3. Índice de topónimos, sistemas de transcripción, abreviaturas utilizadas en los mapas, relación de términos geográficos. | |
| 942 |
_2ddc _cReferencia |
||
| 999 |
_c1751 _d1751 |
||